| 000 | 00510nam a2200145 a 4500 | ||
|---|---|---|---|
| 008 | 131001s2012 ||||||||||||||||| || u | ||
| 020 | _a9781444738278 | ||
| 050 | _aPS 3557 .E478 P39 | ||
| 100 | _aGeorge, Elizabeth | ||
| 245 | 1 | 0 |
_aPayment in blood _cby Elizabeth George |
| 260 |
_aLondon: _bHodder and Stoughton _c2012 |
||
| 300 | _a395p. | ||
| 650 | _aENGLISH LANGUAGE | ||
| 995 |
_FCBU-MAIN LIBRARY (Kitwe) _M1 _UAVAILABLE _WOct 31, 2013 _ZFiction Collection |
||
| 999 |
_c53231 _d53231 |
||